<?xml version="1.0" encoding="UTF-8"?>
<record
    xmlns:xsi="http://www.w3.org/2001/XMLSchema-instance"
    xsi:schemaLocation="http://www.loc.gov/MARC21/slim http://www.loc.gov/standards/marcxml/schema/MARC21slim.xsd"
    xmlns="http://www.loc.gov/MARC21/slim">

  <leader>01081nam a2200253Ia 4500</leader>
  <controlfield tag="003">IN-BaIIA</controlfield>
  <controlfield tag="008">211028s9999    xx            000 0 eng d</controlfield>
  <datafield tag="020" ind1=" " ind2=" ">
    <subfield code="a">0-937707-92-9</subfield>
  </datafield>
  <datafield tag="040" ind1=" " ind2=" ">
    <subfield code="c">IIA Library</subfield>
  </datafield>
  <datafield tag="080" ind1=" " ind2=" ">
    <subfield code="a">082.2:52</subfield>
    <subfield code="b">ASP-73</subfield>
  </datafield>
  <datafield tag="111" ind1=" " ind2=" ">
    <subfield code="a">Airborne Astronomy Symposium on the Galactic Ecosystem, From Gas To Stars To Dust</subfield>
    <subfield code="c">Moffett Field, California</subfield>
    <subfield code="d">1994 July 5-8</subfield>
    <subfield code="9">20670</subfield>
  </datafield>
  <datafield tag="245" ind1=" " ind2="0">
    <subfield code="a">Airborne Astronomy Symposium on the galactic ecosystem</subfield>
    <subfield code="b">proceedings of the airborne Astronomy Symposium on the galactic ecosystem, from gas to Stars to dust, held in Moffett Field, California, USA, 5-8 Jul 1994</subfield>
    <subfield code="c">edited by Michael R. Haas, Jacqueline A. Davidson, and Edwin F. Erickson.</subfield>
  </datafield>
  <datafield tag="260" ind1=" " ind2=" ">
    <subfield code="a">California</subfield>
    <subfield code="b">Astronomical Society of the Pacific</subfield>
    <subfield code="c">1995</subfield>
  </datafield>
  <datafield tag="300" ind1=" " ind2=" ">
    <subfield code="a">[various pagings.]</subfield>
  </datafield>
  <datafield tag="650" ind1=" " ind2=" ">
    <subfield code="a">Airborne Astronomy</subfield>
    <subfield code="9">20671</subfield>
  </datafield>
  <datafield tag="650" ind1=" " ind2=" ">
    <subfield code="a">Dust</subfield>
    <subfield code="9">10965</subfield>
  </datafield>
  <datafield tag="650" ind1=" " ind2=" ">
    <subfield code="a">Galactic ecosystem</subfield>
    <subfield code="9">20672</subfield>
  </datafield>
  <datafield tag="650" ind1=" " ind2=" ">
    <subfield code="a">Gas</subfield>
    <subfield code="9">2913</subfield>
  </datafield>
  <datafield tag="650" ind1=" " ind2=" ">
    <subfield code="a">Stars</subfield>
  </datafield>
  <datafield tag="700" ind1=" " ind2=" ">
    <subfield code="a">Davidson, J. A., ed.</subfield>
    <subfield code="9">20673</subfield>
  </datafield>
  <datafield tag="700" ind1=" " ind2=" ">
    <subfield code="a">Erickson, E. F., ed.</subfield>
    <subfield code="9">20674</subfield>
  </datafield>
  <datafield tag="700" ind1=" " ind2=" ">
    <subfield code="a">Hass, M. R., ed.</subfield>
    <subfield code="9">20675</subfield>
  </datafield>
  <datafield tag="942" ind1=" " ind2=" ">
    <subfield code="c">BK</subfield>
  </datafield>
  <datafield tag="999" ind1=" " ind2=" ">
    <subfield code="c">11898</subfield>
    <subfield code="d">11898</subfield>
  </datafield>
  <datafield tag="952" ind1=" " ind2=" ">
    <subfield code="0">0</subfield>
    <subfield code="1">0</subfield>
    <subfield code="4">0</subfield>
    <subfield code="7">0</subfield>
    <subfield code="a">BAN</subfield>
    <subfield code="b">BAN</subfield>
    <subfield code="c">GEN</subfield>
    <subfield code="d">1996-10-15</subfield>
    <subfield code="l">0</subfield>
    <subfield code="o">082.2:52/ ASP-73</subfield>
    <subfield code="p">12814</subfield>
    <subfield code="r">2021-11-05</subfield>
    <subfield code="w">1996-10-15</subfield>
    <subfield code="y">BK</subfield>
  </datafield>
</record>
